Pārijātamañjarītyapārkhyā Vijayaśrīrnāma nāṭikā. (Record no. 86275)

MARC details
000 -LEADER
fixed length control field 00823cam a22002651 4500
001 - CONTROL NUMBER
control field sa 68015165
003 - CONTROL NUMBER IDENTIFIER
control field DLC
005 - DATE AND TIME OF LATEST TRANSACTION
control field 20260227112641.0
008 - FIXED-LENGTH DATA ELEMENTS--GENERAL INFORMATION
fixed length control field 891204s1963 ii b 000 0 sano
010 ## - LIBRARY OF CONGRESS CONTROL NUMBER
LC control number sa 68015165
035 ## - SYSTEM CONTROL NUMBER
System control number (OCoLC)20729530
040 ## - CATALOGING SOURCE
Original cataloging agency DLC
Transcribing agency WaU
Modifying agency DLC
041 0# - LANGUAGE CODE
Language code of text/sound track or separate title saneng
042 ## - AUTHENTICATION CODE
Authentication code premarc
050 00 - LIBRARY OF CONGRESS CALL NUMBER
Classification number PK3798.M16
Item number P3 1963
100 0# - MAIN ENTRY--PERSONAL NAME
Personal name Madana,
Dates associated with a name active 1210-1218.
245 10 - TITLE STATEMENT
Title Pārijātamañjarītyapārkhyā Vijayaśrīrnāma nāṭikā.
Remainder of title Parijata-Manjari, alias Vijayasri.
260 ## - PUBLICATION, DISTRIBUTION, ETC.
Place of publication, distribution, etc. [Bhopal]
Date of publication, distribution, etc. 1963.
300 ## - PHYSICAL DESCRIPTION
Extent xxiv, 64, 32 p.
Dimensions 22 cm.
500 ## - GENERAL NOTE
General note English and Sanskrit; introductory matter in English.
504 ## - BIBLIOGRAPHY, ETC. NOTE
Bibliography, etc. note Bibliographical footnotes.
700 1# - ADDED ENTRY--PERSONAL NAME
Personal name Dikshit, Sadanand Kashinath,
Dates associated with a name 1916-
Title of a work Parimalāmoda.
740 0# - ADDED ENTRY--UNCONTROLLED RELATED/ANALYTICAL TITLE
Uncontrolled related/analytical title Parijata-manjari.
740 0# - ADDED ENTRY--UNCONTROLLED RELATED/ANALYTICAL TITLE
Uncontrolled related/analytical title Vijayasri.

No items available.

Powered by Koha